00301pab a2200121 454500008004000000245002900040260000900069300001400078362000800092650000800100650002800108773004300136180718b1996 xxu||||| |||| 00| 0 eng d aCRISIS, conflict and war c1996 ap.127-230 aApr aWar aInternational relations aInternational Political Science Review